[Event "It (blitz)"]
[Site "Alma-Ata (Kazakhstan)"]
[Round "0"]
[White "Karpov Anatoly (RUS)"]
[Black "Salov Valery (RUS)"]
[Result "1/2-1/2"]
[WhiteElo "2775"]
[BlackElo "2685"]

1.d4 Nf6 2.c4 d6 3.Nf3 Bg4 4.e3 Nbd7 5.h3 Bh5 6.Be2 e5 7.Nc3 Be7 8.b3 O-O
9.O-O c6 10.Bb2 Qc7 11.dxe5 dxe5 12.Nh4 Bxe2 13.Qxe2 Rfe8 14.Nf5 Bf8 15.Rfd1
Nc5 16.e4 g6 17.Ne3 Rad8 18.Qf3 Bg7 19.Ng4 Nxg4 20.hxg4 Rxd1+ 21.Rxd1 Rd8
22.Qe2 Ne6 23.Rxd8+ Qxd8 24.Nd1 Qa5 25.Bc3 Qa3 26.Qb2 Qxb2 27.Nxb2 f6 28.Nd3
Bf8 29.Kf1 Kf7 30.Ke2 Nc5 31.Nxc5 Bxc5 32.g5 fxg5 33.Bxe5 g4 34.f3 gxf3+
35.Kxf3 Ke6 36.Bb8 h5 37.g4 hxg4+ 38.Kxg4 a6 39.Kg5 Kf7 40.Kf4 Ke6 41.Kg5 Kf7
42.Be5 Be7+ 43.Kg4 Ke6 44.Bd4 Bf6 {#d} 1/2-1/2

[Event "Staatsliga 1995/96"]
[Site "Austria"]
[Round "3"]
[White "Thoma Robert (AUT)"]
[Black "Lenninger Ralf (AUT)"]
[Result "1-0"]
[WhiteElo "2305"]
[BlackElo "2005"]

1.Nf3 d6 2.d4 Bg4 3.c4 Nf6 4.Qb3 Qc8 5.Nc3 Nbd7 6.Be3 e6 7.h3 Bh5 8.g4 Bg6
9.Bg2 c6 10.Rc1 Be7 11.O-O Ne4 12.Rfd1 Nxc3 13.Qxc3 O-O 14.d5 Bf6 15.Qd2 exd5
16.cxd5 c5 17.b4 b6 18.Nd4 Qe8 19.Nb5 Qb8 20.Bf4 Ne5 21.Bxe5 Bxe5 22.f4 a6
23.Na3 cxb4 24.Qxb4 Bf6 25.f5 Bg5 26.Rc3 b5 27.Nc2 a5 28.Qe4 Re8 29.Qf3 b4
30.Rcd3 Qc7 31.Nd4 Qc4 32.fxg6 hxg6 33.a3 a4 34.axb4 a3 35.e4 a2 36.Nb3 Qxb4
37.h4 Bf6 38.Qf1 Reb8 39.Na1 Bxa1 40.Rxa1 Qc5+ 41.Kh1 Qc2 42.Rdd1 Rb2 43.e5
Rab8 44.exd6 Rb1 45.d7 Rxd1 46.Qxd1 Qxd1+ 47.Rxd1 {#r} 1-0

[Event "It (open)"]
[Site "Bad Ragaz (Switzerland)"]
[Round "8"]
[White "Cvitan Ognjen (CRO)"]
[Black "Mantovani Renzo (ITA)"]
[Result "1-0"]
[WhiteElo "2510"]
[BlackElo "2365"]

1.d4 d6 2.Nf3 Bg4 3.c4 Nf6 4.Nc3 Nbd7 5.e4 e5 6.Be2 Be7 7.O-O O-O 8.Be3 c6
9.h3 Bh5 10.Nd2 Bxe2 11.Qxe2 Ne8 12.Rfd1 Bg5 13.Nf3 Bxe3 14.Qxe3 Qe7 15.Rd2
Nef6 16.Rad1 Rfe8 17.b3 g6 18.dxe5 dxe5 19.Rd6 Nf8 20.c5 Nh5 21.Na4 f6 22.Nb2
Nf4 23.Nc4 N4e6 24.b4 Nd8 25.R6d2 Nf7 26.Nd6 Nxd6 27.cxd6 Qd7 28.Kh1 Kg7
29.Ng1 Red8 30.f4 exf4 31.Qxf4 Re8 32.Nf3 Rad8 33.Qe3 b6 34.a3 Qe6 35.Qc3 Qxe4
36.Re1 Qf5 37.Re7+ Kh8 38.Qxc6 Rc8 39.Qxe8 Rxe8 40.Rxe8 Kg7 {#r} 1-0

[Event "Czech League 1995/96 (2nd) (b)"]
[Site "Czech Republic"]
[Round "1"]
[White "Trmota Zdenek (CZE)"]
[Black "Paulovic Martin (CZE)"]
[Result "1/2-1/2"]
[WhiteElo "2185"]
[BlackElo "2133"]

1.d4 Nf6 2.Nf3 d6 3.c4 Bg4 4.Bf4 c6 5.Nc3 Nbd7 6.h3 Bh5 7.e4 e5 8.Be3 Be7
9.Be2 O-O 10.O-O Qc7 11.a3 a5 12.Nd2 Bg6 13.Qc1 Rfe8 14.Bg4 Nxg4 15.hxg4 exd4
16.Bxd4 Bf6 17.Bxf6 Nxf6 18.f3 Qb6+ 19.Rf2 Rad8 20.Ne2 d5 21.c5 Qc7 22.exd5
Rxd5 23.Nf1 Nd7 24.b4 Ne5 25.Nf4 Nd3 26.Nxd5 cxd5 27.Qd2 Qe5 28.Rd1 Qd4 29.g3
f6 30.Kg2 Qxf2+ 31.Qxf2 Nxf2 32.Kxf2 axb4 33.axb4 Bf7 34.Ne3 Rd8 35.Nf5 Kf8
36.Ke3 g6 37.Nd4 Ra8 38.Nb5 Re8+ 39.Kf2 Ra8 40.Nc7 Ra2+ 41.Ke3 Rb2 42.Rd4 Rb3+
43.Kf2 Ke7 {#d} 1/2-1/2

[Event "Bundesliga 1994/95"]
[Site "Germany"]
[Round "3"]
[White "Boensch Uwe (GER)"]
[Black "Appel Ralf (GER)"]
[Result "1-0"]
[WhiteElo "2560"]
[BlackElo "2430"]

1.d4 Nf6 2.c4 d6 3.Nf3 Bg4 4.Nc3 Bxf3 5.exf3 c6 6.f4 e6 7.d5 exd5 8.cxd5 Be7
9.Bc4 O-O 10.O-O Nbd7 11.Be3 c5 12.a4 a6 13.g4 g6 14.Bd3 Re8 15.f5 Nb6 16.g5
Nfd7 17.f6 Bf8 18.a5 Nc8 19.Re1 Na7 20.f4 Qc7 21.Bf1 b5 22.axb6 Qxb6 23.Rxa6
Qxb2 24.Qd2 {#r} 1-0

[Event "Ch Europe (juniors) (under 20)"]
[Site "Holon (Israel)"]
[Round "3"]
[White "Gasimov Ragim (AZE)"]
[Black "Wagener Claude (LUX)"]
[Result "1-0"]
[WhiteElo "2420"]
[BlackElo "2254"]

1.Nf3 Nf6 2.c4 d6 3.d4 Bg4 4.Nbd2 Nbd7 5.h3 Bh5 6.Qb3 Qc8 7.g4 Bg6 8.Bg2 c6
9.Nh4 e5 10.e3 Be7 11.f4 Ne4 12.Nxg6 Nxd2 13.Nxe7 Nxb3 14.Nxc8 Nxa1 15.Nxd6+
Kf8 16.fxe5 Nc2+ 17.Ke2 c5 18.Rf1 f6 19.e6 Ke7 20.Nf5+ {#r} 1-0

[Event "Ch Hungary (team)"]
[Site "Hungary"]
[Round "8"]
[White "Kiss Attila (HUN)"]
[Black "Gazik Igor (SVK)"]
[Result "1-0"]
[WhiteElo "2390"]
[BlackElo "2385"]

1.d4 Nf6 2.c4 d6 3.Nf3 Bg4 4.Qb3 Qc8 5.g3 c6 6.Bg2 Nbd7 7.O-O e5 8.Qe3 Qc7
9.b3 Be7 10.Bb2 O-O 11.Nc3 Rfe8 12.Rad1 Bf8 13.h3 Bh5 14.g4 Bg6 15.Nh4 Be7
16.Qg3 Nf8 17.e3 Rad8 18.d5 N8d7 19.f4 exf4 20.exf4 Ne4 21.Nxe4 Bxh4 22.Qc3 f6
23.f5 Bf7 24.dxc6 bxc6 25.Nxd6 Re2 26.Bf3 Re7 27.c5 Ne5 28.Bg2 h5 29.Rd4 hxg4
30.hxg4 Bg5 31.Bc1 Bxc1 32.Rxc1 Nd7 33.Rcd1 Rf8 34.Kf2 Re5 35.b4 a5 36.a3 axb4
37.axb4 Nb8 38.Rh1 Qe7 39.Rd2 Rd8 40.Rhd1 Rf8 41.Qh3 Rd8 42.Rh1 Kf8 43.Qc3 Kg8
44.Bf1 Rd5 45.Re2 Re5 46.Rxe5 Qxe5 47.Rh8+ {#r} 1-0

[Event "It"]
[Site "Kurgan (Russia)"]
[Round "0"]
[White "Obukhov Alexander (RUS)"]
[Black "Predein Vladimir (RUS)"]
[Result "1-0"]
[WhiteElo "2445"]
[BlackElo "2355"]

1.d4 Nf6 2.Nf3 d6 3.c4 Bg4 4.Qb3 Qc8 5.h3 Bxf3 6.Qxf3 Nc6 7.d5 Ne5 8.Qb3 g6
9.Nc3 Bg7 10.e4 O-O 11.Be2 e6 12.O-O exd5 13.exd5 Re8 14.Be3 Ned7 15.Rfe1 Nc5
16.Qc2 Nfe4 17.Nxe4 Nxe4 18.Bf3 Qf5 19.Rad1 Nc5 20.Qxf5 gxf5 21.b3 f4 22.Bd2
Nd3 23.Rxe8+ Rxe8 24.Kf1 Bh6 25.Bc3 Ne5 26.Re1 Kf8 27.Be4 Kg7 28.Bf5 b6 29.h4
f6 30.Re4 Rf8 31.f3 Rf7 32.Bd2 Ng6 33.h5 Ne5 34.Be6 f5 35.Rd4 Rf6 36.Bxf4 c5
37.dxc6 Rxe6 38.c7 Re8 39.Bxh6+ Kxh6 40.Rxd6+ {#r} 1-0

[Event "Ch USA"]
[Site "Modesto (USA)"]
[Round "5"]
[White "Orlov Georgi (USA)"]
[Black "Khmelnitsky Igor N (USA)"]
[Result "1/2-1/2"]
[WhiteElo "2465"]
[BlackElo "2490"]

1.d4 Nf6 2.Nf3 d6 3.c4 Bg4 4.Qb3 Qc8 5.Nc3 Nbd7 6.e4 c5 7.Be3 g6 8.Be2 cxd4
9.Bxd4 Bg7 10.h3 Bxf3 11.Bxf3 O-O 12.O-O Nc5 13.Qa3 Ne6 14.Nd5 Qxc4 15.Nxe7+
Kh8 16.Bxf6 Bxf6 17.Nd5 Be5 18.Rac1 Qa6 19.Qxa6 bxa6 20.Rc6 a5 21.Ra6 Rfc8
22.b3 Rc5 23.Be2 Rc2 24.Bc4 Rxa2 25.Nb6 Rd8 26.Rxa7 Bd4 27.Rb7 Nc5 28.Re7 Nxe4
29.Rxe4 Bxb6 30.Bxf7 d5 31.Re6 Bd4 32.Re7 Rb2 33.Be6 Re2 34.Rd7 Rxd7 35.Bxd7
Rd2 36.Be6 Bb6 37.g4 g5 38.Kh1 Bxf2 39.Bxd5 Kg7 40.Bc4 Rc2 41.Bd3 Rd2 42.Bc4
h6 43.Ra1 Bb6 {#d} 1/2-1/2

[Event "VL2 1995/96"]
[Site "NRW (Germany)"]
[Round "0"]
[White "Rickert Dirk (GER)"]
[Black "Krause Dieter (GER)"]
[Result "1-0"]
[WhiteElo "2116"]
[BlackElo "2030"]

1.d4 d6 2.Nf3 Nf6 3.c4 Bg4 4.e3 c6 5.Be2 e6 6.Nc3 Be7 7.O-O Nbd7 8.e4 e5
9.dxe5 dxe5 10.Be3 O-O 11.Qc2 Qc7 12.a3 a5 13.Na4 b6 14.Rfd1 Rfd8 15.Rd2 Nc5
16.Rxd8+ Rxd8 17.Nxc5 Bxc5 18.Bxc5 bxc5 19.Rd1 Bxf3 20.Rxd8+ Qxd8 21.Bxf3 Qd4
22.Kf1 g6 23.g3 Kg7 24.Kg2 Ne8 25.Be2 Nc7 26.h4 Ne6 27.Bg4 Nc7 28.Be2 h5
29.Bd3 Ne8 30.Be2 Nd6 31.Bd3 Kf8 32.Kf1 Ke7 33.Kg2 Kd7 34.Kg1 Kc7 35.Kg2 f6
36.Kg1 f5 37.exf5 e4 38.Be2 Nxf5 39.Qc3 Nxg3 40.Qxg3+ Kd7 41.Qh3+ Ke7 42.Qc3
Kd6 43.Qxa5 Qxb2 44.Qd8+ Ke6 45.Qe8+ {#r} 1-0

[Event "Ch Czech Chess Union (open)"]
[Site "Prague (Czech Republic)"]
[Round "9"]
[White "Chloupek Stanislav (CZE)"]
[Black "Seleljo Daniel (CZE)"]
[Result "1/2-1/2"]
[WhiteElo "2305"]
[BlackElo "2252"]

1.Nf3 Nf6 2.d4 d6 3.c4 Bg4 4.Qb3 Qc8 5.h3 Bh5 6.Bg5 Nbd7 7.Nbd2 c6 8.e3 e6
9.Bd3 Be7 10.Bf4 Bg6 11.Bxg6 hxg6 12.e4 Nh5 13.Bh2 g5 14.Qe3 Qd8 15.g4 Nhf6
16.e5 dxe5 17.dxe5 Nh7 18.O-O-O Qb6 19.Qe2 O-O-O 20.Ne4 Qa6 21.Kb1 Nb6
22.Rxd8+ Rxd8 23.Rc1 Na4 24.Qc2 g6 25.Bg3 Qa5 26.Rd1 Rxd1+ 27.Qxd1 Qb4 28.Qb3
Qxb3 29.axb3 Nc5 30.Nxc5 Bxc5 {#d} 1/2-1/2

[Event "Ch Czech Chess Union (open)"]
[Site "Prague (Czech Republic)"]
[Round "2"]
[White "Gross Stefan (CZE)"]
[Black "Seleljo Daniel (CZE)"]
[Result "1/2-1/2"]
[WhiteElo "2350"]
[BlackElo "2252"]

1.Nf3 Nf6 2.c4 d6 3.d4 Bg4 4.Nc3 c6 5.e4 Nbd7 6.Be2 e5 7.Be3 Be7 8.O-O O-O
9.d5 cxd5 10.cxd5 Ne8 11.Ne1 Bxe2 12.Qxe2 Bg5 13.Bxg5 Qxg5 14.Qb5 Nb6 15.a4
Nc7 16.Qb3 Na6 17.a5 Nc5 18.Qa2 Nbd7 19.b4 Na6 20.Nf3 Qe7 21.Qb3 Rfc8 22.Rac1
Nf6 23.Nd2 Qd7 24.Rc2 Rc7 25.Rfc1 Rac8 26.f3 g6 27.Na2 Rxc2 28.Rxc2 Rxc2
29.Qxc2 Nc7 30.Nc3 Nb5 31.Ne2 Kg7 32.Kf2 Ne8 33.Qa4 f5 34.Nc3 a6 35.Nxb5 axb5
36.Qc2 Nf6 37.h3 Kf7 38.Nf1 fxe4 39.fxe4 Ne8 40.Nd2 Nc7 41.Ke2 Na6 42.Qc3 Qe7
43.Nf3 h6 44.Kd1 Kg7 45.Kc2 Qf7 46.Kb3 Qf4 47.Qd3 {#d} 1/2-1/2

[Event "Ch Slovakia (team) 1995/96 (2 liga) (b)"]
[Site "Slovakia"]
[Round "6"]
[White "Sustak Roman (SVK)"]
[Black "Klanica Anton (SVK)"]
[Result "1-0"]
[WhiteElo "1971"]
[BlackElo "1828"]

1.Nf3 Nf6 2.c4 d6 3.d4 Bg4 4.Qb3 Bxf3 5.Qxf3 c6 6.Nc3 Nbd7 7.e4 e5 8.d5 c5
9.a3 Be7 10.Qg3 g6 11.Be2 Qb6 12.O-O Qb3 13.f4 h6 14.Qd3 a6 15.a4 Qb6 16.Be3
Qc7 17.Rab1 b6 18.b4 Rc8 19.Rb2 cxb4 20.Rxb4 exf4 21.Rxf4 Ne5 22.Qd4 g5 23.Rf1
Qc5 24.Rxb6 Ned7 25.Rxa6 O-O 26.Ra7 Bd8 27.a5 Rc7 28.Qxc5 Nxc5 29.Rxc7 {#r}
1-0

[Event "Ch Yugoslavia (team)"]
[Site "Tivat (Yugoslavia)"]
[Round "3"]
[White "Petronic Jovan (SRB)"]
[Black "Nikolic Zivoslav (SRB)"]
[Result "1-0"]
[WhiteElo "2460"]
[BlackElo "2465"]

1.d4 Nf6 2.c4 d6 3.Nf3 Bg4 4.Qb3 Bxf3 5.Qxf3 c6 6.Nc3 Nbd7 7.g4 h6 8.h4 g6
9.Bh3 Bg7 10.g5 hxg5 11.hxg5 Nh7 12.Be3 Nb6 13.b3 e6 14.Qg3 d5 15.c5 Nd7
16.Rc1 Nhf8 17.f4 b6 18.Na4 b5 19.Nc3 Qa5 20.O-O Rc8 21.Bf2 f5 22.Rfd1 Qc7
23.Bg2 Kf7 24.b4 a5 25.bxa5 Qxa5 26.Rc2 Ra8 27.Qd3 Nh7 28.e4 fxe4 29.Nxe4 Bf8
30.Nd2 Be7 31.Re1 Ndf8 32.Nf3 Qc7 33.Ne5+ Kg7 34.Bg3 Qc8 35.Ng4 Kf7 36.Rce2
Ra4 37.Ne5+ Kg7 38.Nxg6 Nxg6 39.Rxe6 Nhf8 40.Rxe7+ Nxe7 41.Rxe7+ Kg8 42.f5 Rh7
43.f6 Rf7 44.Qe2 Ra7 45.g6 Rfxe7 46.fxe7 Ne6 47.Bd6 {#r} 1-0

[Event "It (open)"]
[Site "Boeblingen (Germany)"]
[Round "0"]
[White "Pribyl Martin (CZE)"]
[Black "Fromm Christian (GER)"]
[Result "1-0"]
[WhiteElo "2390"]
[BlackElo "2109"]

1.d4 Nf6 2.c4 d6 3.Nf3 Bg4 4.Qb3 Bxf3 5.Qxf3 c6 6.Nc3 Qc7 7.e4 e5 8.d5 Nbd7
9.Be2 h6 10.O-O Be7 11.Qg3 g5 12.dxc6 bxc6 13.b4 d5 14.cxd5 Bxb4 15.dxc6 Qxc6
16.Nd5 Nxd5 17.exd5 Qc3 18.Be3 Ba3 19.Bb5 Rd8 20.Rab1 Bb2 21.Qg4 Ke7 22.d6+
Ke8 23.Qe2 Ba3 24.Rb3 {#r} 1-0

[Event "Ch Queensland"]
[Site "Australia"]
[Round "5"]
[White "Stephson David (AUS)"]
[Black "Pizzato Charles (AUS)"]
[Result "0-1"]
[WhiteElo "2201"]
[BlackElo "2150"]

1.Nf3 Nf6 2.c4 d6 3.d4 Bg4 4.Nc3 Nbd7 5.e4 e5 6.Be3 Be7 7.Be2 c6 8.Qc2 Qa5
9.O-O O-O 10.Rab1 Rfe8 11.b4 Qc7 12.Qd2 exd4 13.Nxd4 Bxe2 14.Qxe2 Bf8 15.Bf4
Ne5 16.Rfd1 Rad8 17.Bg3 Qc8 18.f4 Ng6 19.Qf3 c5 20.bxc5 Qxc5 21.Rxb7 Ne5
22.fxe5 dxe5 23.Nd5 Nxd5 24.cxd5 exd4 25.Bf2 f6 26.Bxd4 Qc2 27.Rxa7 Rxe4
28.Bf2 Re2 29.Rf1 Rxf2 {#R} 0-1

[Event "Ch Berlin"]
[Site "Berlin (Germany)"]
[Round "5"]
[White "Lagunow Alexander (GER)"]
[Black "Moehring Guenther (GER)"]
[Result "1/2-1/2"]
[WhiteElo "2425"]
[BlackElo "2300"]

1.Nf3 Nf6 2.c4 d6 3.d4 Bg4 4.Qb3 Qc8 5.h3 Bxf3 6.exf3 e5 7.d5 Nbd7 8.Nc3 g6
9.g4 Bg7 10.g5 Nh5 11.h4 O-O 12.Bh3 e4 13.Nxe4 Ne5 14.Be3 {#d} 1/2-1/2

[Event "Memorial Elekes"]
[Site "Budapest (Hungary)"]
[Round "5"]
[White "Danner Georg (AUT)"]
[Black "Petran Pal (HUN)"]
[Result "1/2-1/2"]
[WhiteElo "2375"]
[BlackElo "2415"]

1.d4 Nf6 2.Nf3 d6 3.c4 Bg4 4.Qb3 Qc8 5.h3 Bh5 6.Nc3 Nbd7 7.g4 Bg6 8.Nh4 e5
9.Be3 c6 10.Bg2 Be7 11.Nxg6 hxg6 12.O-O-O Qc7 13.Kb1 exd4 14.Bxd4 Nc5 15.Bxc5
dxc5 16.g5 Nd7 17.Ne4 O-O-O 18.Qc3 f5 19.Qxg7 Qe5 20.Qxe5 Nxe5 21.Nd2 Bxg5
22.Nf3 Nxf3 23.Bxf3 Bh4 24.Rxd8+ Rxd8 25.Rg1 Rd6 26.Rg2 Kc7 27.Kc2 b5 28.e3 g5
29.Be2 Kb6 30.Bd3 Rf6 31.f3 Ka5 32.f4 bxc4 33.Bxc4 gxf4 34.exf4 Rd6 35.Bd3 Rd4
36.Bxf5 Rxf4 37.Bd3 Kb6 {#d} 1/2-1/2

[Event "It (open)"]
[Site "Gausdal (Norway)"]
[Round "7"]
[White "Har-Zvi Ronen (ISR)"]
[Black "Westerinen Heikki M J (FIN)"]
[Result "1-0"]
[WhiteElo "2495"]
[BlackElo "2430"]

1.Nf3 Nf6 2.d4 d6 3.c4 Bg4 4.Nc3 c6 5.e4 Nbd7 6.Be2 e5 7.O-O Be7 8.Be3 O-O
9.d5 Ne8 10.Qa4 Nb6 11.Qb3 Bxf3 12.Bxf3 Bg5 13.Bxg5 Qxg5 14.a4 Rb8 15.a5 Nd7
16.Qc2 Nc7 17.b4 Na6 18.Qa4 Rfc8 19.Rfd1 Nf8 20.Be2 cxd5 21.exd5 f5 22.Nb5 Ng6
23.Bf1 Nh4 24.Nxd6 Nf3+ 25.Kh1 Qh6 26.gxf3 Qxd6 27.c5 Qh6 28.d6 Qf4 29.Qb3+
Kh8 30.d7 Rd8 31.Bxa6 bxa6 32.c6 e4 33.Rac1 Qc7 34.Qd5 Rxb4 35.Qd6 Qxa5 36.c7
{#r} 1-0

[Event "Ch Sachsen"]
[Site "Germany"]
[Round "6"]
[White "Gypser Andreas Dr (GER)"]
[Black "Ridameya Tatche Jose (ESP)"]
[Result "1-0"]
[WhiteElo "2165"]
[BlackElo "1966"]

1.d4 Nf6 2.Nf3 d6 3.c4 Bg4 4.e3 c6 5.Be2 Nbd7 6.O-O e5 7.b3 Be7 8.Bb2 Qc7
9.Nc3 O-O 10.Nh4 Bxe2 11.Qxe2 g6 12.Nf3 Nh5 13.b4 f5 14.dxe5 dxe5 15.c5 Nhf6
16.Ng5 Rfe8 17.Qc4+ Kh8 18.Rad1 b6 19.Qf7 Nf8 20.Na4 Ng4 21.Nf3 b5 22.h3 Bd6
23.Qxe8 Rxe8 24.cxd6 Qg7 25.Nc5 Nf6 26.Nxe5 Kg8 27.Nxc6 Qf7 28.Rd3 N8d7
29.Ne7+ Rxe7 30.dxe7 Qxe7 31.Nxd7 Nxd7 32.Rfd1 Nf8 33.a3 Kf7 {#r} 1-0

[Event "Oberliga NRW 1996/97"]
[Site "Germany"]
[Round "2"]
[White "Rohde Ulrich (GER)"]
[Black "Sick Oliver (GER)"]
[Result "1/2-1/2"]
[WhiteElo "2305"]
[BlackElo "2350"]

1.Nf3 d6 2.d4 Bg4 3.c4 Nf6 4.Nc3 Nbd7 5.g3 Bxf3 6.exf3 e6 7.d5 exd5 8.cxd5 Be7
9.Bg2 c6 10.f4 Rc8 11.O-O O-O 12.Re1 Re8 13.Be3 Nb6 14.Qb3 c5 15.a4 Rb8 16.h3
Na8 17.Qc4 a6 18.b4 b5 19.axb5 axb5 20.Qb3 Nb6 21.bxc5 dxc5 22.Nxb5 c4 23.Qc2
Nbxd5 24.Qxc4 Qd7 25.Bxd5 Nxd5 26.Nc3 Nxc3 27.Qxc3 Qxh3 28.Bd4 Bf8 29.Rxe8
Rxe8 30.Qc4 h6 31.Qd5 Qe6 {#d} 1/2-1/2

[Event "It (open)"]
[Site "Hastings (England)"]
[Round "5"]
[White "Muir Andrew J (SCO)"]
[Black "Hirsch Stefan (GER)"]
[Result "1-0"]
[WhiteElo "2310"]
[BlackElo "2218"]

1.d4 Nf6 2.c4 d6 3.Nf3 Bg4 4.Qb3 Qc8 5.h3 Bxf3 6.Qxf3 e5 7.d5 Nbd7 8.e4 Be7
9.Nc3 O-O 10.Bd3 Qd8 11.Be3 Nc5 12.Bc2 a5 13.O-O Ne8 14.Qg3 g6 15.f4 exf4
16.Bxf4 Ng7 17.Be3 Bh4 18.Qf3 Nd7 19.Bd4 Qe7 20.g3 Bg5 21.h4 Bh6 22.Nb5 Ne5
23.Qe2 Nh5 24.Kg2 Bg7 25.Bc3 Nf6 26.b3 Nfg4 27.h5 c6 28.dxc6 bxc6 29.Nd4 Qa7
30.Kh1 Rac8 31.Rf4 d5 32.Rd1 Qd7 33.exd5 cxd5 34.Nb5 Ne3 35.Qxe3 Qh3+ 36.Kg1
Ng4 37.Rxg4 Qxg4 38.Bxg7 Kxg7 39.Rxd5 Rce8 40.Qd4+ Kg8 {#r} 1-0

[Event "It (open)"]
[Site "Hawaii (USA)"]
[Round "2"]
[White "Nakamoto Dexter (USA)"]
[Black "Schiller Eric (USA)"]
[Result "1-0"]
[WhiteElo "2051"]
[BlackElo "2215"]

1.d4 d6 2.c4 Nf6 3.Nf3 Bg4 4.e3 Nbd7 5.Be2 c5 6.O-O h5 7.Nc3 g6 8.e4 cxd4
9.Nxd4 Bxe2 10.Qxe2 Bg7 11.Be3 Ng4 12.Rad1 Nxe3 13.Qxe3 O-O 14.b3 Qa5 15.Kh1
a6 16.Rd2 Kh7 17.Re2 Rac8 18.Rc2 Ne5 19.f4 Ng4 20.Qd3 Qc5 21.Nce2 e5 22.h3
exd4 23.hxg4 hxg4 24.f5 Rh8 25.g3 Kg8+ 26.Kg2 Re8 27.Rf4 gxf5 28.Rxf5 Qb4
29.Rd2 Re6 30.Rg5 Kf8 31.Rxg4 Reh6 32.Kf3 Qc5 33.Nf4 Be5 34.Nd5 Rh3 35.Rg2 b5
36.Qd2 bxc4 37.Qg5 Qc8 38.Qe7# 1-0

[Event "Ch Hungary (team) 1995/96"]
[Site "Hungary"]
[Round "9"]
[White "Adorjan Andras (HUN)"]
[Black "Bilek Istvan (HUN)"]
[Result "1/2-1/2"]
[WhiteElo "2530"]
[BlackElo "2380"]

1.Nf3 Nf6 2.c4 d6 3.d4 Bg4 4.Qb3 b6 5.h3 Bd7 6.Bf4 c5 7.e3 g6 8.Be2 Bg7 9.O-O
O-O 10.Nc3 cxd4 11.exd4 Nc6 12.Rfd1 Rc8 13.d5 Na5 14.Qb4 Ne8 15.Rac1 Nb7
16.Nb5 a6 17.Nbd4 e5 18.dxe6 fxe6 19.Bg5 Qc7 20.Qd2 Nc5 21.Qe3 e5 22.Nc2 a5
23.Na3 Kh8 24.Nb1 Bc6 25.Nc3 Nf6 26.Bxf6 Bxf6 27.Rc2 Ne6 28.Rcd2 Bxf3 29.Bxf3
{#d} 1/2-1/2

[Event "It \"]
[Site "Jyvaskyla (Finland)"]
[Round "9"]
[White "Manninen Marko (FIN)"]
[Black "Jouhki Yrjo Markus (FIN)"]
[Result "1/2-1/2"]
[WhiteElo "2400"]
[BlackElo "2250"]

1.d4 d6 2.Nf3 Bg4 3.c4 Nf6 4.Qb3 a5 5.Qxb7 Nc6 6.Qb3 Bxf3 7.Qxf3 Nxd4 8.Qd3 e5
9.g3 c6 10.Bg2 Qc7 11.Nc3 Be7 12.O-O O-O 13.Na4 Nd7 14.b3 Rad8 15.e3 Ne6
16.Bb2 f5 17.Qc2 g6 18.Rad1 Rf7 19.Rd2 Bf8 20.Rfd1 Nf6 21.Nc3 Nc5 22.Ba3 Na6
23.Na4 e4 24.Bf1 Nb4 25.Bxb4 axb4 {#d} 1/2-1/2

[Event "It (open)"]
[Site "Koszalin (Poland)"]
[Round "1"]
[White "Krasenkova Ilena (RUS)"]
[Black "Cichocki Adam (POL)"]
[Result "1-0"]
[WhiteElo "2190"]
[BlackElo "2335"]

1.d4 Nf6 2.c4 d6 3.Nf3 Bg4 4.Qb3 Qc8 5.Nc3 Nbd7 6.Bg5 h6 7.Bxf6 Nxf6 8.e4 g6
9.Be2 Bg7 10.O-O O-O 11.Rfd1 c6 12.h3 Bd7 13.Nh2 e5 14.dxe5 dxe5 15.c5 Ne8
16.Bg4 Bxg4 17.Nxg4 Nc7 18.Ne2 Ne6 19.Qc4 Rd8 20.Rac1 Qc7 21.b4 h5 22.Ne3 Bh6
23.Qc3 a5 24.a3 axb4 25.axb4 Nf4 26.Nxf4 exf4 27.Rxd8+ Rxd8 28.Nc4 f3 29.Re1
fxg2 30.Kxg2 Qf4 31.Nd6 Rd7 32.e5 Re7 33.Re4 Qg5+ 34.Qg3 Qxg3+ 35.Kxg3 Bd2
36.f4 f6 37.exf6 Rxe4 38.Nxe4 Bxb4 39.Kh4 Kf7 40.Kg5 h4 41.Kxh4 Ba5 42.Kg5 b5
43.f5 gxf5 44.Kxf5 Bb4 45.h4 Ba3 46.h5 Bc1 47.Nd6+ Kg8 48.Kg6 Be3 49.h6 Bxc5
50.h7+ {#r} 1-0

[Event "It (open)"]
[Site "Leiner"]
[Round "4"]
[White "Kranz Armin (AUT)"]
[Black "Gazik Igor (SVK)"]
[Result "1/2-1/2"]
[WhiteElo "2100"]
[BlackElo "2360"]

1.d4 d6 2.Nf3 Nf6 3.c4 Bg4 4.Nc3 Nbd7 5.e4 e5 6.Be2 Be7 7.Be3 O-O 8.O-O Bh5
9.Nd2 Bg6 10.d5 Nc5 11.Qb1 a5 12.b3 Nh5 13.Qd1 Nf4 14.g3 Nxe2+ 15.Qxe2 f5
16.f3 f4 17.Bxc5 dxc5 18.g4 h5 19.h3 Ra6 20.Kg2 Be8 21.a4 Rh6 22.Rh1 Bd7
23.Rag1 Bh4 24.Kf1 Kf7 25.Qg2 Rfh8 26.Ke2 R8h7 27.Nf1 Qh8 28.Rh2 hxg4 29.hxg4
Bg3 30.Rxh6 Rxh6 31.Kd1 Rh3 32.Ne2 Qh4 33.Nexg3 fxg3 34.Qe2 Kg6 35.Rg2 b6
36.Kc2 Kg5 37.Qe1 Kg6 38.Qe2 Kf7 39.Kd3 Kf6 40.Qb2 Qg5 41.Rxg3 Rh1 42.Qg2 Qc1
43.Qxh1 {#d} 1/2-1/2

[Event "It (open)"]
[Site "Litomysl (Czech Republic)"]
[Round "5"]
[White "Grabliauskas Virginijus (LTU)"]
[Black "Dambrauskas Virginijus (LTU)"]
[Result "1-0"]
[WhiteElo "2430"]
[BlackElo "2395"]

1.d4 Nf6 2.c4 d6 3.Nf3 Bg4 4.Qb3 Qc8 5.g3 Nc6 6.d5 Nd8 7.Bg2 Bh3 8.O-O Bxg2
9.Kxg2 h5 10.Qd3 e5 11.Nc3 Be7 12.Bd2 a5 13.b3 Nh7 14.c5 f5 15.e4 f4 16.cxd6
cxd6 17.gxf4 O-O 18.f5 g6 19.fxg6 Qg4+ 20.Kh1 Rxf3 21.gxh7+ Kxh7 22.Qe2 Qh3
23.Rg1 Bh4 24.Rg2 Rc8 25.Rag1 Nf7 26.Nb5 Kh8 27.Nc7 Bf6 28.Ne6 Nd8 29.Rg8+ Kh7
30.Nf8# 1-0

[Event "It (w)"]
[Site "Moscow (Russia)"]
[Round "0"]
[White "Lymar Irina (UKR)"]
[Black "Alexandrova Alexandra (RUS)"]
[Result "1-0"]
[WhiteElo "2235"]
[BlackElo "2000"]

1.d4 Nf6 2.Nf3 d6 3.c4 Bg4 4.Nc3 c6 5.e4 Nbd7 6.Be2 e5 7.Be3 Be7 8.O-O O-O
9.Qc2 Qa5 10.h3 Bh5 11.Rad1 Bd8 12.Rd2 Bc7 13.Rb1 Bb8 14.b4 Qc7 15.d5 a6
16.dxc6 bxc6 17.a4 Ba7 18.Bxa7 Rxa7 19.Rbd1 Ne8 20.c5 Bxf3 21.Bxf3 Qb8 22.Na2
a5 23.cxd6 axb4 24.Qxc6 b3 25.Nc3 Nef6 26.Nd5 Nxd5 27.Qxd5 b2 28.Rb1 Rb7
29.Qa2 Nc5 30.Rbxb2 Rxb2 31.Qxb2 Qxb2 32.Rxb2 Nxa4 33.Rb4 Ra8 34.d7 Nc5 35.Bg4
Rd8 36.Rc4 Nb7 37.Rc7 Nd6 38.Rc8 Nb7 39.Be2 Kf8 40.Ba6 Ke7 41.Bxb7 Rxd7 42.Bd5
{#r} 1-0

[Event "VK1 1996/97"]
[Site "NRW (Germany)"]
[Round "0"]
[White "Frombach Ralf (GER)"]
[Black "Krause Dieter (GER)"]
[Result "0-1"]
[WhiteElo "2240"]
[BlackElo "2030"]

1.d4 d6 2.Nf3 Bg4 3.c4 Nf6 4.Qb3 Qc8 5.g3 c6 6.Bg2 e6 7.O-O Be7 8.Nc3 O-O 9.e4
Qc7 10.Bf4 Qb6 11.Qa3 Qd8 12.Qb4 b6 13.Qa4 d5 14.Bxb8 Rxb8 15.Ne5 b5 16.Qxa7
Ra8 17.Qb7 Rb8 18.Qxc6 Rb6 19.cxb5 Rxc6 20.Nxc6 Qd7 21.e5 Ne4 22.Bxe4 dxe4
23.a4 Bf3 24.a5 Bg5 25.h4 Bd2 26.Nb1 e3 27.Nxd2 exd2 28.b4 Be2 29.d5 Bxb5
30.a6 exd5 31.Nd4 Bxf1 32.Kxf1 Qg4 {#R} 0-1

[Event "VK3 1995/96"]
[Site "NRW (Germany)"]
[Round "0"]
[White "Abhau Jochen (GER)"]
[Black "Trzaska Peter (GER)"]
[Result "1-0"]
[WhiteElo "2263"]
[BlackElo "2121"]

1.d4 Nf6 2.c4 d6 3.Nf3 Bg4 4.g3 Bxf3 5.exf3 c5 6.dxc5 Qa5+ 7.Nc3 Qxc5 8.Be3
Qc8 9.Nd5 e6 10.Nxf6+ gxf6 11.Rc1 Nd7 12.Bg2 h5 13.h4 Ne5 14.O-O Be7 15.Qb3 f5
16.Bd4 Rg8 17.c5 Nc6 18.cxd6 Bxd6 19.f4 Qd8 20.Rfd1 Nxd4 21.Rxd4 Qe7 22.Rcd1
Rd8 23.Qb5+ Kf8 24.Qd3 {#r} 1-0

[Event "It (open) \"]
[Site "Pardubice (Czech Republic)"]
[Round "6"]
[White "Ivanov Timur (RUS)"]
[Black "Pribyl Josef (CZE)"]
[Result "1/2-1/2"]
[WhiteElo "2370"]
[BlackElo "2460"]

1.Nf3 d6 2.d4 Bg4 3.c4 Nf6 4.Nc3 Bxf3 5.exf3 g6 6.Be2 Bg7 7.O-O O-O 8.f4 c6
9.d5 Nbd7 10.Be3 Qa5 11.Rb1 Rfc8 12.b4 Qc7 13.dxc6 bxc6 14.Qd3 a5 15.b5 Rab8
16.Rfc1 Nc5 17.Qc2 cxb5 18.Rxb5 Nfd7 19.Rxb8 Rxb8 20.Nb5 Qc8 {#d} 1/2-1/2